Sports Quiz

Random Sports or Golf Quiz
Score 0/88 Timer 10:00
1 Play Today
Wins Player % Correct
56Tiger Woods
99.8%
24Phil Mickelson
93.8%
26Vijay Singh
81.4%
9Ernie Els
72.1%
7Sergio García
61.5%
6Zach Johnson
60.3%
2Dustin Johnson
60.1%
9Jim Furyk
51.8%
7Davis Love III
47.2%
5Pádraig Harrington
44.8%
2David Duval
44.7%
7Adam Scott
41.2%
2Ángel Cabrera
40.4%
7Retief Goosen
39.1%
7Mike Weir
37.6%
5Steve Stricker
35.1%
5Stewart Cink
33.2%
2Luke Donald
32.5%
7K.J. Choi
30.4%
11Kenny Perry
29.4%
2Anthony Kim
28.5%
8Justin Leonard
28.4%
9David Toms
26.8%
6Geoff Ogilvy
25.5%
5Stuart Appleby
23.5%
2Trevor Immelman
22.7%
2Y.E. Yang
22.4%
4Chad Campbell
22.3%
3Ben Curtis
20.6%
2Darren Clarke
20.2%
Wins Player % Correct
4Robert Allenby
19.5%
2Lucas Glover
18.5%
2Camilo Villegas
18.4%
2Henrik Stenson
18.1%
2Matt Kuchar
18%
3Fred Funk
16.9%
2Boo Weekley
16%
2Rocco Mediate
16%
2Rich Beem
15.4%
3Chris DiMarco
15.2%
2Ryan Palmer
14.6%
2J. B. Holmes
14.2%
5Rory Sabbatini
13.3%
2Mark Wilson
13.2%
2Todd Hamilton
13.2%
3Jesper Parnevik
13%
2Charles Howell III
12.8%
4Stephen Ames
11.8%
3Hal Sutton
10.3%
3Mark Calcavecchia
10.3%
3Scott Verplank
10%
2Ben Crane
9.8%
3Sean O'Hair
9.3%
3Jerry Kelly
9%
2Notah Begay III
8.6%
2Nick Watney
8.5%
3Brad Faxon
8.5%
2Aaron Baddeley
8.3%
2Vaughn Taylor
7.4%
2Woody Austin
7.1%
Wins Player % Correct
3Brian Gay
7.1%
2Loren Roberts
6.6%
3Jonathan Byrd
5.9%
3Scott Hoch
5.5%
4Steve Flesch
5.1%
2Jeff Sluman
5.1%
2Craig Parry
5%
3Carl Pettersson
4.7%
3Heath Slocum
4.6%
3Shigeki Maruyama
4.6%
2D. J. Trahan
4.3%
3Bart Bryant
3.8%
3Bob Estes
3.8%
2Len Mattiace
3.5%
3Joe Durant
3.5%
2Carlos Franco
3.3%
3John Rollins
3.2%
2John Huston
3.2%
2Rod Pampling
3.1%
3Kirk Triplett
3.1%
2Frank Lickliter
2.9%
2Steve Lowery
2.7%
2Jonathan Kaye
2.6%
2Daniel Chopra
2.5%
2José Cóceres
2.4%
2Will MacKenzie
2.2%
2Troy Matteson
2.1%
2Cameron Beckman
2%
Remove Ads.
Support Sporcle.
Get the best of Sporcle when you Go Orange. This ad-free experience offers more features, more stats, and more fun while also helping to support Sporcle. Thank you for becoming a member.

You're not logged in!

Compare scores with friends on all Sporcle quizzes.
OR
Log In

Sporcle TV

Today on Sporcle TV


Watch our educational content, quiz creation guides, and fun videos on Sporcle TV.

Show Comments

Extras

Top Quizzes Today


Score Distribution

Paid Content

Your Account Isn't Verified!

In order to create a playlist on Sporcle, you need to verify the email address you used during registration. Go to your Sporcle Settings to finish the process.

Report this User

Report this user for behavior that violates our Community Guidelines.

Details: